| 000 | 02068nam a2200409 c 4500 | ||
|---|---|---|---|
| 003 | BLK | ||
| 005 | 20230921103406.0 | ||
| 008 | 180408b bul|||||r ||||||| ||bul|| | ||
| 010 | _aKNG00073783000 | ||
| 020 |
_a978-954-320-088-7 _bиздат.: Рива |
||
| 040 | _aBLK | ||
| 041 |
_aBUL _cBUL |
||
| 080 |
_aИстория на Финландия _b948.0 _x _z948.0 |
||
| 080 |
_aСоциография. Социално положение. Условия на политическия и социалния живот. Социално и социално-икономическо положение на отделните страни, народи, раси. Социална география. (Общи въпроси) _b308 _x(480)(035) _z308(480)(035) |
||
| 100 | 1 |
_aБон, Ингрид _eпърви автор _9294422 |
|
| 700 | 1 |
_aПарашкевова, Фросина _eпрев. _9294423 |
|
| 700 | 1 |
_aПарашкевов, Борис _eпрев. _9368147 |
|
| 700 | 1 |
_aЦаков, Веселин _eхудож. _9294424 |
|
| 139 |
_aБон, Ингрид _bБ 62 |
||
| 245 | 1 | 0 |
_aФинландия _bОт наченките до наши дни _cИнгрид Бон; прев. Фросина Парашкевова; прев. Борис Парашкевов; худож. Веселин Цаков. |
| 257 | _aFIN | ||
| 260 |
_аСофия _bРива _c2007 _fВ. Търново : Абагар |
||
| 300 |
_a384 с. _bс ил., к. _c20 см |
||
| 380 | _a9 | ||
| 500 | _aОриг. загл. Finnland / Ingrid Bohn. - Съдържа и Държавни президенти на Финландия ; Хронологическа таблица. | ||
| 650 | 4 |
_aФинландия - история _9294425 |
|
| 651 | 4 |
_aФинландия _9179718 |
|
| 653 | _aФинландия | ||
| 653 | _aистория | ||
| 653 | _aнаселение | ||
| 852 | _aЦб 232973 | ||
| 856 | 4 |
_qpdf _u |
|
| 856 | 4 |
_qpdf _u |
|
| 942 |
_cKNG _n0 _05 |
||
| 944 |
_aCR _c04.04.2007 _k30564 _lГалина Якимова |
||
| 944 |
_aED _c16.10.2008 _k |
||
| 999 |
_c69436 _d69436 |
||